An inquiry into the nature and causes of the wealth of nations (Record no. 547)
[ view plain ]
| 000 -LEADER | |
|---|---|
| fixed length control field | 00603 a2200181 4500 |
| 001 - CONTROL NUMBER | |
| control field | 066498 |
| 003 - CONTROL NUMBER IDENTIFIER | |
| control field | OSt |
| 005 - DATE AND TIME OF LATEST TRANSACTION | |
| control field | 20210929152444.0 |
| 008 - FIXED-LENGTH DATA ELEMENTS--GENERAL INFORMATION | |
| fixed length control field | |
| 082 ## - DEWEY DECIMAL CLASSIFICATION NUMBER | |
| Classification number | 330.153 |
| Item number | S51I |
| 100 1# - MAIN ENTRY--PERSONAL NAME | |
| Personal name | Smith, Adam |
| 245 1# - TITLE STATEMENT | |
| Title | An inquiry into the nature and causes of the wealth of nations |
| Statement of responsibility, etc | by Adam Smith |
| 260 ## - PUBLICATION, DISTRIBUTION, ETC. (IMPRINT) | |
| Place of publication, distribution, etc | Delhi |
| Name of publisher, distributor, etc | Atlantic Publishers |
| Date of publication, distribution, etc | 2008 |
| 300 ## - PHYSICAL DESCRIPTION | |
| Extent | 2v. (944p.) |
| 500 ## - GENERAL NOTE | |
| General note | 784 v.1; 785 v.2 |
| 690 ## - LOCAL SUBJECT ADDED ENTRY--TOPICAL TERM (OCLC, RLIN) | |
| Topical term or geographic name as entry element | Economics; Smith, Adam, 1723-1790; Classical school of economics; Work; Wealth--Moral and ethical aspects; Division of labor; Wealth |
| 942 ## - ADDED ENTRY ELEMENTS (KOHA) | |
| Source of classification or shelving scheme | Dewey Decimal Classification |
| Koha item type | Books |
| Withdrawn status | Lost status | Damaged status | Not for loan | Collection code | Home library | Current library | Date acquired | Source of acquisition | Cost, normal purchase price | Full call number | Barcode | Date last seen | Price effective from | Koha item type | Total Checkouts | Date checked out |
|---|---|---|---|---|---|---|---|---|---|---|---|---|---|---|---|---|
| General Text Book | Central University Of Rajasthan | Central University Of Rajasthan | 07/03/2012 | MGM | 995.00 | 330.153 S51I | 785 | 21/11/2024 | 02/09/2020 | Books | ||||||
| General Text Book | Central University Of Rajasthan | Central University Of Rajasthan | 07/03/2012 | MGM | 995.00 | 330.153 S51I | 784 | 25/02/2025 | 02/09/2020 | Books | 1 | 10/02/2025 |
